000 01025cab a2200265 4500
001 WB3503-09
008 090401t1999 xxu||||| |||| 00| 0 eng d
035 _a(Sirsi) u90855
041 _aeng
245 _apan-European line
260 _c1999
350 _a0
490 _aFinancial Times
_v22 January 1999, 24(1)
520 _aProperty is showing signs of becoming pan-European. Institutional investors are increasingly benchmarking their performances against international indices and two leading teams of UK real estate securities analysts have recently announced they intend to widen their research to cover large listed companies in the rest of Europe.
650 _aINVESTMENT MARKET
650 _aPAN-EUROPEAN
650 _aPROPERTY ASSETS
650 _aPROPERTY COMPANIES
650 _aPROPERTY INVESTMENT
650 _aPROPERTY PORTFOLIOS
650 _aPROPERTY RESEARCH
690 _aPROPERTY-COMMERCIAL PROPERTY-COMMERCIAL PROPERTY FINANCE AND INVESTMENT
942 _n0
948 _c22/01/1999
999 _c57632
_d57632